Online
Catalog

Madame bovary / (Record no. 37343)

MARC details
000 -CABECERA
campo de control de longitud fija 00452nam a2200145 a 4500
001 - NÚMERO DE CONTROL
campo de control 000037853
005 - FECHA Y HORA DE LA ÚLTIMA TRANSACCIÓN
campo de control 20201002031127.0
008 - DATOS DE LONGITUD FIJA--INFORMACIÓN GENERAL
campo de control de longitud fija 130307s2007 pr 000 0 spa d
040 ## - FUENTE DE LA CATALOGACIÓN
Centro catalogador/agencia de origen DO-SdBNP
Lengua de catalogación spa
Centro/agencia transcriptor BNPHU
100 1# - ENTRADA PRINCIPAL--NOMBRE DE PERSONA
Nombre de persona Flaubert, Gustave
9 (RLIN) 64302
245 10 - MENCIÓN DE TÍTULO
Título Madame bovary /
Mención de responsabilidad, etc. Gustave Flaubert.
260 ## - PUBLICACIÓN, DISTRIBUCIÓN, ETC.
Lugar de publicación, distribución, etc. Lima, Perú :
Nombre del editor, distribuidor, etc. Corporación Editora Chirre,
Fecha de publicación, distribución, etc. 2007.
300 ## - DESCRIPCIÓN FÍSICA
Extensión 129 p. ;
Dimensiones 21 cm.
500 ## - NOTA GENERAL
Nota general Incluye cuestionario de comprensión de lectura
Holdings
Estado de retiro Estado de pérdida Restricciones de uso No para préstamo Código de colección Localización permanente Ubicación/localización actual Ubicación en estantería Fecha de adquisición Número de inventario Total de préstamos Signatura topográfica completa Código de barras Fecha visto por última vez Número de copia Precio válido a partir de Tipo de ítem Koha
        Monografías: Libros y Folletos General General En catalogación 07.03.2013 LF1   37853-30 25.06.2020 e. 3 25.06.2020 Préstamo en sala
      Excluido de préstamo Monografías: Libros y Folletos Patrimonio Dominicano Patrimonio Dominicano En catalogación 07.03.2013 LF1   37853-10 25.06.2020   25.06.2020 No se presta
      Excluido de préstamo Monografías: Libros y Folletos Patrimonio Dominicano Patrimonio Dominicano En catalogación 07.03.2013 LF1   37853-20 25.06.2020 e. 2 25.06.2020 No se presta

Powered by Koha